Estadísticas para Capitales mundiales cercanos a Londres

Haz click aquí para tomar la prueba!

Estadísticas generales

  • Esta prueba ha sido tomada 1,109 veces
  • La puntuación promedio es 18 de 22

Estadísticas de respuestas

km Capital miles % Correcto
343París213
98%
464Dublin288
98%
1265Madrid786
97%
933Berlín579
96%
358Ámsterdam223
94%
321Bruselas199
93%
1155Oslo718
92%
1434Roma891
90%
1435Estocolmo891
88%
490Luxemburgo304
85%
1236Viena768
84%
747Berna464
81%
957Copenhague595
79%
1035Praga643
78%
1032Mónaco641
73%
1260San Marino783
66%
1008Andorra la Vieja627
66%
850Vaduz528
66%
1432Ciudad del Vaticano890
63%
1289Bratislava801
60%
1339Zagreb832
56%
1229Liubliana764
56%

Distribución de puntuación

Porcentaje por número respondido

Porcentaje de gente con cada puntuación

Historial de tus puntuaciones

No has tomado esta prueba